Computer in Pharmacy (Record no. 6247)

MARC details
000 -LEADER
fixed length control field 00407nam a22001697a 4500
005 - DATE AND TIME OF LATEST TRANSACTION
control field 20200518092553.0
008 - FIXED-LENGTH DATA ELEMENTS--GENERAL INFORMATION
fixed length control field 200518b xxu||||| |||| 00| 0 eng d
020 ## - INTERNATIONAL STANDARD BOOK NUMBER
ISBN 9788186270707
041 ## - LANGUAGE CODE
Language code of text/sound track or separate title eng
082 ## - DEWEY DECIMAL CLASSIFICATION NUMBER
Classification number 615.10
100 ## - MAIN ENTRY--AUTHOR NAME
Personal name THAKUR, S PRAVEEN
245 ## - TITLE STATEMENT
Title Computer in Pharmacy
260 ## - PUBLICATION, DISTRIBUTION, ETC. (IMPRINT)
Place of publication Delhi
Name of publisher Birla Publication
Year of publication 2019
300 ## - PHYSICAL DESCRIPTION
Number of Pages 264,viii
650 ## - SUBJECT ADDED ENTRY--TOPICAL TERM
Topical Term Pharmacy
942 ## - ADDED ENTRY ELEMENTS (KOHA)
Koha item type Books
Holdings
Lost status Damaged status Collection code Home library Current library Shelving location Date acquired Source of acquisition Cost, normal purchase price Full call number Accession Number Koha item type
    Reference JRU Library JRU Library SHELF-3-E 18/05/2020 PURCHASE 250.00 615.10 23951 Books
    PHARMACY JRU Library JRU Library Shelf - 25- H 18/05/2020 PURCHASE 250.00 615.10 23952 Books